The simpsons characters by catchphrase Quiz Stats

 Plays Quiz not verified by Sporcle

Challenge
Share
Tweet
Embed
Score 0/20 Timer 15:00
0 Plays Today
Hint Answer % Correct
DOH'homer
95.5%
eat my shortsbart
90.9%
thank you come againapu
88.6%
hi-diddly-hoflanders
86.4%
worst episode evercomic book guy
84.1%
haw haw!nelson
84.1%
excellentmr burns
81.8%
mmmmmhhhmarge
75%
hey heykrusty
75%
hi everybodydr nick
75%
Hint Answer % Correct
hello bartsideshow bob
70.5%
sector 7gsmithers
68.2%
Ha!edna
63.6%
SEYMOUR!agnes
59.1%
glavinprofessor frink
56.8%
Yarr!sea captain
56.8%
ay ay aybumblebee man
45.5%
Yee Haw!!rich texan
43.2%
Dude!snake
34.1%
SKINNER!gary chalmers
31.8%

You're not logged in!

Compare scores with friends on all Sporcle quizzes.
OR
Log In

You Might Also Like...

Show Comments

Extras

Created Jan 25, 2014ReportNominate
Tags:catchphrase, character

Top Quizzes Today


Score Distribution

Your Account Isn't Verified!

In order to create a playlist on Sporcle, you need to verify the email address you used during registration. Go to your Sporcle Settings to finish the process.

Report this User

Report this user for behavior that violates our Community Guidelines.

Details: